000 00744nam a2200241 a 4500
999 _c3678
_d3678
001 3678
003 BD-JhCC
005 20221128134022.0
008 171116s2010 bg |||| |||| 000 0 ben d
020 _a9847011200897
035 _a(BD-JhCC) 3678
040 _aBD-JhCC
_dBD-JhCC
041 _aben
082 _a813.6
_bMEY 2010
100 _aমেয়ার, স্টিফেন
245 _aনিউ মুন /
_cমেয়ার, স্টিফেন
260 _aঢাকা :
_bঝিনুক প্রকাশনী,
_c২০১০.
300 _a৩৮৪ পৃ. :
_c২২ সেমি.
650 _aRomance fiction
700 _aআশরাফ, প্রিন্স
942 _2ddc
_cBK
_011